| 000 | 01236nam a22003977a 4500 | ||
|---|---|---|---|
| 001 | 0011089 | ||
| 003 | KOHA_MİRAKIL | ||
| 005 | 20260207001805.0 | ||
| 007 | ta | ||
| 008 | 091125b1997 tu |||gr||||#||||1|tur | | ||
| 020 |
_a9753381956 _q(Takım) |
||
| 020 |
_a9753381964 _q(c.1) |
||
| 020 |
_a9753381972 _q(c.2) |
||
| 040 |
_aTR-BiSEU _btur _cTR-BiSEU _erda |
||
| 041 | 0 | _atur | |
| 044 | _ctu | ||
| 050 |
_aPL229 _b.E43 1997 |
||
| 100 | 1 | _aElçin, Şükrü. | |
| 245 | 1 |
_aHalk edebiyatı araştırmaları/ _cŞükrü Elçin ; Şükrü Elçin. |
|
| 250 | _a2. baskı. | ||
| 264 | 1 |
_aAnkara : _bAkçağ Yayınları _c1997 |
|
| 300 |
_a2 c. ; _c24 cm. |
||
| 336 |
_ametin _btxt _2rdacontent |
||
| 337 |
_aaracısız _bn _2rdamedia |
||
| 338 |
_acilt _bnc _2rdacarrier |
||
| 490 | 1 |
_aAkçağ yayınları ; _v220,221. |
|
| 490 | 1 |
_aKaynak Eserler ; _v43,44. |
|
| 490 | 1 |
_aHalk edebiyatı ; _v5,6. |
|
| 500 | _aKaynakça ve dizin var. | ||
| 650 | 0 |
_aFolk literature, Turkish--History and criticism. _914094 |
|
| 650 | 0 |
_aFolk literature, Turkish. _96296 |
|
| 830 | 1 |
_aAkçağ yayınları ; _v220,221. _97970 |
|
| 830 | 1 |
_aKaynak Eserler ; _v43,44. _913385 |
|
| 830 | 1 |
_aHalk edebiyatı ; _v5,6. _926999 |
|
| 942 |
_2lcc _cBK |
||
| 999 |
_c11059 _d11059 |
||